| 000 | 00938nam a2200229 i 4500 | ||
|---|---|---|---|
| 001 | 182065 | ||
| 003 | ES-MaACL | ||
| 005 | 20250420121136.0 | ||
| 008 | 130529s1907 sp |||| | cat d | ||
| 100 | 1 |
_aVerdaguer, Jacint, _d1845-1902 _9113998 |
|
| 245 | 1 | 0 |
_aColom, seguit de Tenerife : _b(obra póstuma) / _cJacinto Verdaguer. |
| 260 |
_aBarcelona : _b[s.n.], _c1907 ( _fTip. "L'Avenç") |
||
| 300 |
_a85 p. ; _c20 cm. |
||
| 490 | 1 | _aCollecció d'obres pòstumes | |
| 530 | _aDisponible en formato digital. | ||
| 600 | 1 | 4 |
_aColón, Cristóbal. _939869 |
| 830 | 1 |
_aCollecció d'obres pòstumes _9191735 |
|
| 852 | 4 |
_aES-MaACL _j2114-F-14 _zRevisado enlace: 20 de Abril de 2025 _cDEPOF _hDonativo : Los herederos de la biblioteca de Mª del Pilar Costa Palacín |
|
| 856 | 4 |
_uhttps://www.cervantesvirtual.com/nd/ark:/59851/bmc00018 _yBiblioteca Virtual Miguel de Cervantes |
|
| 942 | _2udc | ||
| 999 |
_c182065 _d182065 |
||